000 00746nam a22002177a 4500
005 20250328045826.0
008 250328b |||||||| |||| 00| 0 eng d
020 _a9788868802119
040 _cAIMIT LIBRARY
082 _21
_a006.671
_bZAMG
100 _aZambon, Giulio.
_9207053
245 _aBeginning JSP JSF and tomcat web development :
_bfrom novice to professional /
_cBy Giulio Zambon and Michael Sekler.
250 _a1st ed.
260 _aNew York :
_bApress ,
_c2025.
300 _axxi, 448p. ;
_bPB
_c23.9 cm
650 _aIntroducing javaserver pages and tomcat
_9207054
650 _aInstalling everything
_9207055
650 _aJSP reference
_9207056
700 _aSekler, Michael.
_9207057
942 _2ddc
_cBK
_e1st
_k006.671 ZAMG
999 _c234028
_d234028